| 000 | 00523cam a2200181u 4500 | ||
|---|---|---|---|
| 001 | unk85067701 | ||
| 003 | DLC | ||
| 005 | 20260227112803.0 | ||
| 008 | 860324s1916 gw 000 0 ger | ||
| 010 | _aunk85067701 | ||
| 040 |
_aDLC _cCarP _dDLC |
||
| 050 | 0 | 0 |
_aM1734.M948 _bA4 |
| 100 | 1 |
_aMünchhausen, Börries, _cFreiherr von, _d1874-1945, _ecomp. |
|
| 245 | 1 | 0 |
_aAlte und neue Balladen und Lieder; _bAuswahl fürs Feld. |
| 260 |
_aBerlin, _bE. Fleischel, _c1916. |
||
| 300 |
_a95 p. _bcm. |
||
| 500 | _aWithout the music. | ||
| 999 |
_c91710 _d91710 |
||